000 00655nam a22001817a 4500
999 _c194516
_d194516
005 20221227143555.0
010 _aENG-135950
020 _a978934791000
_c1350.00
035 _aEN-1194582
037 _bDBAD/PUB
082 _a300.01
100 _aSharma, Rajvir
245 _aPolitical philosophy of Kautilya:
_bThe arthashastra and after/
_cby Rajvir sharma
260 _aNew Delhi
_bSage publication india pvt ltd
_c2022
270 _aB1/1-1 Mohan cooprative industrial area mathura road
_bNew Delhi
_e110044
300 _axiii, 284p.
_bConclusion, Bibliography, About the author, Index
_c22cm(hbk)
942 _2ddc
_cEN
_mSHA
_h300.01